Приборы точной механики: межвузовский сборник научных трудов

Bibliografiset tiedot
Yhteisötekijä: Московский институт приборостроения
Muut tekijät: Боднер В. А. (редактор)
Kieli:venäjä
Julkaistu: Москва, Изд-во МИП, 1988
Aiheet:
Aineistotyyppi: MixedMaterials Kirja
KOHA link:https://koha.lib.tpu.ru/cgi-bin/koha/opac-detail.pl?biblionumber=243836

MARC

LEADER 00000nam1a2200000 4500
001 243836
005 20231101232012.0
020 |a RU  |b 88-70202 
035 |a (RuTPU)RU\TPU\book\265189 
090 |a 243836 
100 |a 20131007d1988 k y0rusy5003 ca 
101 0 |a rus 
200 1 |a Приборы точной механики  |e межвузовский сборник научных трудов  |f Московский институт приборостроения ; отв. ред. В. А. Боднер 
210 |a Москва  |c Изд-во МИП  |d 1988 
215 |a 155 с.  |c ил.  |d 20 см 
320 |a Библиогр. в конце ст. 
606 1 |a Приборы точной механики  |2 stltpush  |3 (RuTPU)RU\TPU\subj\51643  |9 70216 
610 1 |a измерительные системы 
610 1 |a генераторы колебаний 
610 1 |a алгоритмы 
610 1 |a оптические среды 
610 1 |a термостаты 
610 1 |a модели 
675 |a 681.1(082)  |v 3 
702 1 |a Боднер  |b В. А.  |4 340 
712 0 2 |a Московский институт приборостроения  |2 stltpush  |3 (RuTPU)RU\TPU\col\17949  |9 26862 
801 0 |a RU  |b RuMRKP  |c 19950417  |g psbo 
801 1 |a RU  |b 63413507  |c 20131007 
801 2 |a RU  |b 63413507  |c 20170131  |g RCR 
942 |c BK